مكتبة جامعة عجلون الوطنية

فهرس بحث المكتبة

كمال البغية في احاديث الحلية : (Record no. 33091)

MARC details
000 -LEADER
fixed length control field 00817nam a2200217Ii 4500
003 - CONTROL NUMBER IDENTIFIER
control field JO-AjNU
005 - DATE AND TIME OF LATEST TRANSACTION
control field 20231205100454.0
008 - FIXED-LENGTH DATA ELEMENTS--GENERAL INFORMATION
fixed length control field 230605s9999||||xx |||||||||||||| ||und||
040 ## - CATALOGING SOURCE
Original cataloging agency JO-AjNU
Language of cataloging ara
Description conventions rda
Transcribing agency JO-AjNU
041 ## - LANGUAGE CODE
Language code of text/sound track or separate title ara
100 ## - MAIN ENTRY--PERSONAL NAME
Personal name صالح، مخيمر
9 (RLIN) 64631
Relator term مؤلف
245 ## - TITLE STATEMENT
Title كمال البغية في احاديث الحلية :
Remainder of title "تجريد، ترتيب، تخريج"، الجزء الاول /
Statement of responsibility, etc. مخيمر صالح
260 ## - PUBLICATION, DISTRIBUTION, ETC.
Place of publication, distribution, etc. اربد :
Name of publisher, distributor, etc. منشورات جامعة اليرموك،
Date of publication, distribution, etc. 2000
300 ## - PHYSICAL DESCRIPTION
Extent 379 صفحه
336 ## - CONTENT TYPE
Content type term text
Content type code txt
Source rdacontent
337 ## - MEDIA TYPE
Media type term unmediated
Media type code n
Source rdamedia
338 ## - CARRIER TYPE
Carrier type term volume
Carrier type code nc
Source rdacarrier
650 ## - SUBJECT ADDED ENTRY--TOPICAL TERM
Form subdivision الحديث-اسناد-مستخرجات الحديث
700 ## - ADDED ENTRY--PERSONAL NAME
Personal name سمير بكار
9 (RLIN) 64632
Relator term منضد ومخرج
942 ## - ADDED ENTRY ELEMENTS (KOHA)
Source of classification or shelving scheme Library of Congress Classification
Koha item type Books
Holdings
Withdrawn status Lost status Source of classification or shelving scheme Damaged status Not for loan Home library Current library Shelving location Date acquired Total Checkouts Full call number Barcode Date last seen Price effective from Koha item type
    Library of Congress Classification     مكتبة جامعة عجلون الوطنية مكتبة جامعة عجلون الوطنية المجموعات العامة 06/06/2023   BP136.46.S346.1999 A29523 06/06/2023 06/06/2023 Books